Quisqueya aprende contigo, Guia para aprendizaje adaptado a personas con discapacidad auditiva (Record no. 8489)

MARC details
000 -LEADER
campo de control de longitud fija 00431nam a2200133Ia 4500
001 - NÚMERO DE CONTROL
campo de control 3730
008 - DATOS DE LONGITUD FIJA--INFORMACIÓN GENERAL
campo de control de longitud fija 241024s9999 xx 000 0 und d
082 ## - NÚMERO DE LA CLASIFICACIÓN DECIMAL DEWEY
Número de clasificación RD/374.087/R426q/2013
100 ## - ENTRADA PRINCIPAL--NOMBRE DE PERSONA
Nombre de persona República Dominicana Ministerio de Educación
245 #0 - MENCIÓN DEL TÍTULO
Título Quisqueya aprende contigo, Guia para aprendizaje adaptado a personas con discapacidad auditiva
260 ## - PUBLICACIÓN, DISTRIBUCIÓN, ETC.
Nombre del editor, distribuidor, etc. Santo Domingo
Fecha de publicación, distribución, etc. 2013
901 ## - ELEMENTOS DE DATOS A LOCAL LDA (RLIN)
a 17/3/2014 1:56:12 p.m.

No items available.

© 2024. Todos los Derechos Reservados. Desarrollado por IDEICE